Modern digital and analog communication systems (E-Book) (Record no. 212426)

000 -LEADER
fixed length control field 00689 a2200217 4500
003 - CONTROL NUMBER IDENTIFIER
control field Nust
005 - DATE AND TIME OF LATEST TRANSACTION
control field 20170207165540.0
020 ## - INTERNATIONAL STANDARD BOOK NUMBER
International Standard Book Number 0-19-511009-9
040 ## - CATALOGING SOURCE
Transcribing agency Nust
082 0# - DEWEY DECIMAL CLASSIFICATION NUMBER
Classification number 621.382
100 1# - MAIN ENTRY--PERSONAL NAME
Personal name Lathi, Bhagwandas Pannalal
245 10 - TITLE STATEMENT
Title Modern digital and analog communication systems (E-Book)
Statement of responsibility, etc. B.P. Lathi
250 ## - EDITION STATEMENT
Edition statement 3. ed.
260 ## - PUBLICATION, DISTRIBUTION, ETC.
Place of publication, distribution, etc. New York :
Name of publisher, distributor, etc. Oxford University Press,
Date of publication, distribution, etc. 1998
300 ## - PHYSICAL DESCRIPTION
Extent xiii, 781 s. :
Other physical details ill.
490 1# - SERIES STATEMENT
Series statement Oxford series in electrical and computer engineering
500 ## - GENERAL NOTE
General note Solutions manual finns i separat vol.
650 #0 - SUBJECT ADDED ENTRY--TOPICAL TERM
Topical term or geographic name entry element Telecommunications engineering - (E-BOOK)
651 ## - SUBJECT ADDED ENTRY--GEOGRAPHIC NAME
Geographic name E-Book
830 #0 - SERIES ADDED ENTRY--UNIFORM TITLE
Uniform title HRW series in electrical and computer engineering
942 ## - ADDED ENTRY ELEMENTS (KOHA)
Source of classification or shelving scheme
Koha item type Book
Holdings
Withdrawn status Lost status Source of classification or shelving scheme Damaged status Not for loan Collection code Permanent Location Current Location Date acquired Total Checkouts Barcode Date last seen Price effective from Koha item type
            Military College of Signals (MCS) Military College of Signals (MCS) 12/12/2016   MCSEB-3174 12/08/2016 12/12/2016 Book
© 2023 Central Library, National University of Sciences and Technology. All Rights Reserved.